Statistics for Winning Countries of the Climbing World Championship

Click here to take the quiz!

General Stats

  • This quiz has been taken 267 times
    (245 since last reset)
  • The average score is 11 of 18

Answer Stats

Country% Correct
United States
95%
Japan
89%
France
85%
Germany
81%
Spain
76%
Russia
72%
China
70%
Austria
68%
Canada
66%
Italy
66%
Czech Republic
64%
Slovenia
61%
South Korea
55%
Poland
48%
Switzerland
45%
Ukraine
34%
Belgium
28%
Iran
24%

Score Distribution

Percentile by Number Answered

Percent of People with Each Score

Your Score History

You have not taken this quiz since the last reset